| 000 | 01759cam a22004694i 4500 | ||
|---|---|---|---|
| 003 | PE-LiUPU | ||
| 005 | 20250731184516.0 | ||
| 008 | 150617s r 000 0 d | ||
| 035 | _a(Sirsi) a16770 | ||
| 040 |
_aPE-LiUPU _bspa _cPE-LiUPU _erda |
||
| 049 | _aPRUA | ||
| 082 | 0 | 4 |
_a985.7 _bK83 _221 |
| 100 | 1 |
_aKuczynski-Gordard, Máximo H., _eautor. |
|
| 245 | 1 | 3 |
_aLa vida en la Amazonía Peruana : _bobservaciones de un médico. |
| 264 | 1 |
_aLima : _bLibrería Internacional del Perú, _c1944. |
|
| 300 |
_a181 páginas ; _c24 cm |
||
| 336 |
_atext _2rdacontent |
||
| 337 |
_aunmediated _2rdamedia |
||
| 338 |
_avolume _2rdacarrier |
||
| 505 | 0 | _aProemio del autor -- Panorama general -- Ensayo de sociología médica del Oriente Amazónico -- La civilización del indio selvícola -- El problema del escolar -- La tuberculosis en Iquitos -- Digresión sobre las enfermedades selváticas -- Campaña sanitaria -- Colonización Amazónica. | |
| 526 | _aP136 | ||
| 526 | _aP135 | ||
| 526 | _aP134 | ||
| 526 | _aP133 | ||
| 526 | _aP144 | ||
| 526 | _aP143 | ||
| 526 | _aP87 | ||
| 526 | _aP35 | ||
| 526 | _aP20 | ||
| 526 | _aP14 | ||
| 526 | _aP10 | ||
| 526 | _aP06 | ||
| 650 | 0 | 4 |
_aAMAZONAS, Perú _xGEOGRAFIA HISTORICA. |
| 650 | 0 | 4 |
_aSOCIOLOGIA _zAMAZONIA PERUANA. |
| 910 |
_ajck _bjvq _cjck _d20150616 |
||
| 942 |
_2ddc _cBOOK |
||
| 949 |
_a985.7 K83 _wDEWEY _c1 _i16567 _lCCODEBUL1 _mBUL _p _r0 _sY _tBOOK _u2015-04-21 _xEDUCACION _zUNKNOWN _0COMPRA _o.STAFF. Colección General |
||
| 994 |
_aC0 _bPEPRU |
||
| 596 | _a1 | ||
| 999 |
_a985.7 K83 _wDEWEY _c16276 _i16567 _f2021-11-8 _g5 _lCCODEBUL1 _mBUL _r0 _sY _tBOOK _u2015-4-21 _xBIBLIOTECA _zUNKNOWN _0COMPRA _o.STAFF. Colección General _d16276 |
||
| 980 |
_81 _gALBERTO SANCHEZ Responsable de Automatización |
||